[Event "ch-RUS Blitz Women 2017"]
[Site "Sochi RUS"]
[Date "2017.10.02"]
[Round "8.7"]
[White "Nechaeva, Marina"]
[Black "Travkina, Anastasia"]
[Result "1-0"]
[WhiteTitle "IM"]
[BlackTitle "WFM"]
[WhiteElo "2431"]
[BlackElo "2221"]
[WhiteFideId "4149351"]
[BlackFideId "24129151"]
[EventDate "2017.10.02"]
[EventType "blitz"]

1. d4 d5 2. c4 c6 3. Nc3 Nf6 4. e3 Bf5 5. cxd5 cxd5 6. Qb3 e6 7. Qxb7 Nbd7 8.
Qb3 Bd6 9. Qd1 O-O 10. Bd3 Ne4 11. Nge2 Ndf6 12. f3 Nxc3 13. Nxc3 Bxd3 14. Qxd3
Nh5 15. O-O Qh4 16. f4 f5 17. Bd2 Nf6 18. Rac1 a6 19. Na4 Ne4 20. Nc5 Bxc5 21.
dxc5 a5 22. c6 Rfc8 23. Rc2 Rc7 24. Qd4 Rac8 25. Bxa5 Rxc6 26. Rxc6 Rxc6 27. Bc3
Nxc3 28. bxc3 Qg4 29. h3 Qe2 30. Rb1 Rc8 31. Rb7 Qe1+ 32. Kh2 1-0

[Event "ch-RUS Blitz Women 2017"]
[Site "Sochi RUS"]
[Date "2017.10.02"]
[Round "8.8"]
[White "Semenova, Elena1"]
[Black "Vasilevich, Tatjana"]
[Result "0-1"]
[WhiteTitle "WIM"]
[BlackTitle "IM"]
[WhiteElo "2256"]
[BlackElo "2360"]
[WhiteFideId "24125148"]
[BlackFideId "14101610"]
[EventDate "2017.10.02"]
[EventType "blitz"]

1. e4 c5 2. Nf3 a6 3. c3 d5 4. e5 Bf5 5. d4 e6 6. Bd3 Bxd3 7. Qxd3 Nc6 8. O-O
Qb6 9. Nbd2 cxd4 10. cxd4 Nh6 11. Nb3 Nf5 12. Be3 Be7 13. Rac1 O-O 14. a3 Rfc8
15. Nc5 Na5 16. b3 Bxc5 17. Rxc5 Qxb3 18. Qxb3 Nxb3 19. Rxc8+ Rxc8 20. Rb1 Nxe3
21. fxe3 Rc1+ 22. Rxc1 Nxc1 23. Nd2 Ne2+ 24. Kf2 Nc3 25. Nb3 b6 26. Na1 Kf8 27.
Nc2 a5 28. Ke1 b5 29. Kd2 Na4 30. Kd3 Nb6 31. Na1 Nc4 32. Nc2 Ke7 33. e4 dxe4+
34. Kxe4 Nb6 35. Na1 a4 36. Nc2 Nd5 37. g3 Kd7 38. h4 Kc6 39. Kd3 Kb6 40. h5 h6
41. g4 Ka5 42. Ne1 b4 43. axb4+ Kxb4 44. Nc2+ Kb3 45. Na1+ Kb2 46. Nc2 a3 0-1

[Event "ch-RUS Blitz Women 2017"]
[Site "Sochi RUS"]
[Date "2017.10.02"]
[Round "8.9"]
[White "Bezgodova, Svetlana"]
[Black "Belova, Olga"]
[Result "1-0"]
[WhiteTitle "WIM"]
[BlackTitle "WFM"]
[WhiteElo "2060"]
[BlackElo "2094"]
[WhiteFideId "4110650"]
[BlackFideId "4138422"]
[EventDate "2017.10.02"]
[EventType "blitz"]

1. Nf3 d5 2. g3 Bg4 3. Bg2 c6 4. O-O Nf6 5. d3 Nbd7 6. c4 e6 7. Be3 Be7 8. Qb3
b6 9. Nc3 O-O 10. Rac1 Re8 11. cxd5 exd5 12. Bd2 Rc8 13. h3 Bh5 14. e4 Nc5 15.
Qc2 dxe4 16. dxe4 Bg6 17. Ne5 Bxe4 18. Nxe4 Nfxe4 19. Bf4 Bf6 20. Rfd1 Qe7 21.
Ng4 Red8 22. Rxd8+ Rxd8 23. b4 Nd3 24. Bxe4 Qxe4 25. Nxf6+ gxf6 26. Rd1 Qxb4 27.
Rxd3 Qe1+ 28. Kh2 Rxd3 29. Qxd3 Qxf2+ 30. Kh1 Qxa2 1-0

[Event "ch-RUS Blitz Women 2017"]
[Site "Sochi RUS"]
[Date "2017.10.02"]
[Round "8.10"]
[White "Belenkaya, Dina"]
[Black "Ubiennykh, Ekaterina"]
[Result "0-1"]
[WhiteTitle "WGM"]
[BlackTitle "WIM"]
[WhiteElo "2346"]
[BlackElo "2308"]
[WhiteFideId "24142654"]
[BlackFideId "4137582"]
[EventDate "2017.10.02"]
[EventType "blitz"]

1. e4 c5 2. Nf3 Nc6 3. Bb5 e6 4. O-O Nge7 5. Re1 a6 6. Bf1 d5 7. exd5 Nxd5 8. d4
Nf6 9. Be3 cxd4 10. Nxd4 Bd6 11. Nxc6 bxc6 12. c4 O-O 13. Nc3 Qc7 14. h3 c5 15.
Qc2 Bb7 16. Rad1 Rad8 17. Bg5 Be5 18. Qb3 Bd4 19. Ne2 Bxf2+ 20. Kxf2 Ne4+ 21.
Kg1 Nxg5 22. Qe3 Ne4 23. Nf4 h6 24. Rd3 Rxd3 25. Bxd3 Nf6 26. Rf1 Rd8 27. Bc2
Rd4 28. b3 Qd6 29. Nd3 Be4 30. Ne1 Bxc2 31. Nxc2 Rd2 32. Rf2 Rxc2 33. Rxc2 Qd1+
34. Kh2 Qxc2 35. Qxc5 Ne4 36. Qc8+ Kh7 37. Qb7 f5 0-1

[Event "ch-RUS Blitz Women 2017"]
[Site "Sochi RUS"]
[Date "2017.10.02"]
[Round "8.11"]
[White "Ambartsumova, Karina"]
[Black "Maltsevskaya, Aleksandra"]
[Result "1-0"]
[WhiteTitle "WGM"]
[WhiteElo "2359"]
[BlackElo "2260"]
[WhiteFideId "4166299"]
[BlackFideId "24174041"]
[EventDate "2017.10.02"]
[EventType "blitz"]

1. d4 Nf6 2. Nf3 g6 3. g3 Bg7 4. Bg2 O-O 5. O-O d6 6. c4 Nbd7 7. Nc3 e5 8. e3 c6
9. b3 Re8 10. dxe5 dxe5 11. Bb2 Qc7 12. Nd2 Nc5 13. Qc2 Bf5 14. e4 Bg4 15. f3
Bd7 16. Rad1 Rad8 17. Ne2 Bc8 18. Nb1 Ne6 19. Rxd8 Rxd8 20. Rd1 Rxd1+ 21. Qxd1
Qb6+ 22. Kf1 Ng5 23. Bxe5 Nfxe4 24. Bd4 Bxd4 25. Qxd4 Qxd4 26. Nxd4 Nf6 27. Kf2
h5 28. Ke3 Kf8 29. f4 Ne6 30. h3 Nxd4 31. Kxd4 Bf5 32. Nc3 Nd7 33. c5 Ke7 34. b4
Bc2 35. a4 Nf8 36. b5 Ne6+ 37. Kc4 Kd7 38. a5 cxb5+ 39. Nxb5 a6 40. Nd6 Bd1 41.
Bxb7 Be2+ 42. Kb4 Kc7 43. Bd5 Nd4 44. Nxf7 Nc2+ 45. Kc3 Ne3 46. Be4 Nf1 47. Bxg6
Nxg3 48. Ne5 Bb5 49. f5 Ne4+ 50. Kd4 Nf6 51. h4 Be2 52. Nf7 Kc6 53. Ne5+ Kc7 54.
Ke3 Bd1 55. Kf4 Be2 56. Ke3 Bd1 57. Kd4 Be2 58. Bf7 Bd1 59. Bc4 Kb7 60. c6+ Kc7
61. Bxa6 Kd6 62. Bc4 Ne8 63. a6 Nc7 64. a7 Ke7 65. Kc5 Na8 66. Nd7 Bf3 67. Nb6
Nc7 68. a8=Q Nxa8 69. Nxa8 Kd8 70. Nb6 1-0

[Event "ch-RUS Blitz Women 2017"]
[Site "Sochi RUS"]
[Date "2017.10.02"]
[Round "8.12"]
[White "Shaydullina, Sandugach"]
[Black "Tomilova, Elena"]
[Result "0-1"]
[WhiteTitle "WGM"]
[BlackTitle "WIM"]
[WhiteElo "2185"]
[BlackElo "2307"]
[WhiteFideId "4140389"]
[BlackFideId "4162340"]
[EventDate "2017.10.02"]
[EventType "blitz"]

1. d4 Nf6 2. c4 b6 3. f3 d6 4. e4 g6 5. Nc3 Bg7 6. Be3 O-O 7. Qd2 a6 8. g4 c5 9.
d5 e6 10. h4 exd5 11. exd5 Re8 12. Nge2 b5 13. cxb5 axb5 14. Nxb5 Ba6 15. Nbc3
Nbd7 16. Kf2 Nb6 17. b3 Nfxd5 18. Bg5 Qc7 19. Nxd5 Nxd5 20. Rd1 Bxe2 21. Bxe2
Nc3 22. Bd3 Rxa2 23. Rde1 Rxd2+ 24. Bxd2 Ra8 25. Kg3 h6 26. g5 h5 27. f4 d5 28.
Re3 Qd7 29. Rhe1 Qg4+ 30. Kf2 Bd4 31. Bxc3 Bxc3 32. Re8+ Rxe8 33. Rxe8+ Kg7 34.
Be2 Qxf4+ 35. Bf3 Qxh4+ 36. Kg2 0-1

[Event "ch-RUS Blitz Women 2017"]
[Site "Sochi RUS"]
[Date "2017.10.02"]
[Round "8.13"]
[White "Sukhareva, Evgeniya"]
[Black "Gritsayeva, Oksana"]
[Result "1-0"]
[BlackTitle "WFM"]
[WhiteElo "2207"]
[BlackElo "2373"]
[WhiteFideId "4167155"]
[BlackFideId "14104652"]
[EventDate "2017.10.02"]
[EventType "blitz"]

1. d4 Nf6 2. c4 e6 3. Nc3 Bb4 4. Qc2 d5 5. Nf3 O-O 6. Bg5 h6 7. Bh4 b6 8. cxd5
exd5 9. e3 c6 10. Bd3 Bd6 11. O-O Ba6 12. Bxa6 Nxa6 13. Ne5 Nb4 14. Qe2 Qc8 15.
a3 Na6 16. Bxf6 gxf6 17. Nxc6 Qxc6 18. Qxa6 Qc4 19. Qxc4 dxc4 20. Rac1 Rac8 21.
Rc2 a6 22. Nd5 b5 23. Nxf6+ Kg7 24. Ne4 Be7 25. Ng3 f5 26. Nh5+ Kf7 27. Nf4 Bd6
28. Nd5 Ke6 29. Nc3 Rg8 30. f3 Bb8 31. e4 Ba7 32. Rd2 Rcd8 33. Ne2 a5 34. Rc1
Rd7 35. g3 Rgd8 36. Nf4+ Kf7 37. Nd5 Rxd5 38. exd5 Rxd5 39. Rcd1 b4 40. axb4
axb4 41. Ra1 Bxd4+ 42. Kg2 c3 43. bxc3 bxc3 44. Rc2 Rb5 45. Ra4 Be5 46. f4 Bf6
47. Rc4 Rd5 48. Rf2 Kg6 49. Rc6 Kg7 50. Kf3 Rd3+ 51. Kg2 Rd5 52. Kf1 Rd1+ 53.
Kg2 Rd3 54. h4 h5 55. Kh3 Kf7 56. Ra2 Re3 57. Ra7+ Be7 58. Rac7 Re2 59. Rxc3 Ke8
60. Rc2 Re1 61. Rc1 Re2 62. Rc8+ Kd7 63. R8c7+ Kd8 64. Rc8+ Kd7 65. R1c7+ Ke6
66. Re8 Kd6 67. Ra7 Re1 68. Ra5 Rh1+ 69. Kg2 Rd1 70. Ra6+ Kd7 71. Rh8 Bc5 72.
Rh7+ Be7 73. Ra7+ 1-0

[Event "ch-RUS Blitz Women 2017"]
[Site "Sochi RUS"]
[Date "2017.10.02"]
[Round "8.14"]
[White "Shafigullina, Zarina"]
[Black "Girya, Olga"]
[Result "0-1"]
[WhiteTitle "WFM"]
[BlackTitle "WGM"]
[WhiteElo "2117"]
[BlackElo "2505"]
[WhiteFideId "24174220"]
[BlackFideId "4195752"]
[EventDate "2017.10.02"]
[EventType "blitz"]

1. d4 d5 2. Nf3 Nf6 3. g3 Bg4 4. Bg2 e6 5. O-O Be7 6. c4 c6 7. Nc3 Nbd7 8. h3
Bh5 9. Nd2 O-O 10. Qb3 Qb6 11. c5 Qc7 12. e4 dxe4 13. Ndxe4 Bg6 14. Bf4 Qc8 15.
Bd6 Nxe4 16. Bxe7 Nd2 17. Qd1 Nxf1 18. Bxf8 Qxf8 19. Qxf1 Rd8 20. Rd1 Nf6 21. g4
Rd7 22. f4 h6 23. Qf2 Qd8 24. Bf3 Qa5 25. a3 Qd8 26. h4 h5 27. g5 Nd5 28. Nxd5
exd5 29. Re1 Re7 30. Re5 Rxe5 31. fxe5 Qd7 32. Kh2 Qf5 33. Qe2 Qf4+ 34. Kh3 Bf5+
35. Kg2 Qxh4 36. Bxh5 Be4+ 37. Kf1 Qxg5 38. Qg4 Qc1+ 39. Kf2 Qxb2+ 40. Kg3 Qc3+
41. Kf4 Qd2+ 42. Kg3 Qe3+ 43. Kh4 Qxd4 44. Qc8+ Kh7 45. Qg4 Qxe5 46. Bxf7 Qf6+
47. Kg3 Qxf7 48. Qh4+ Kg8 49. Qd8+ Qf8 50. Qd7 Qf7 51. Qd8+ Kh7 52. Qh4+ Kg8 53.
Qd8+ Qf8 54. Qd7 Qf3+ 55. Kh4 Qf4+ 56. Kh5 Bf3+ 57. Kg6 Qf6# 0-1

[Event "ch-RUS Blitz Women 2017"]
[Site "Sochi RUS"]
[Date "2017.10.02"]
[Round "8.15"]
[White "Suslova, Alena"]
[Black "Styazhkina, Anna"]
[Result "0-1"]
[WhiteTitle "WFM"]
[BlackTitle "WIM"]
[WhiteElo "2227"]
[BlackElo "2301"]
[WhiteFideId "24111643"]
[BlackFideId "24119300"]
[EventDate "2017.10.02"]
[EventType "blitz"]

1. c4 e5 2. Nc3 Nf6 3. g3 d5 4. cxd5 Nxd5 5. Bg2 Nb6 6. Nf3 Nc6 7. O-O Be7 8. d3
O-O 9. a3 Be6 10. b4 f6 11. Bb2 a5 12. b5 Nd4 13. Nd2 c6 14. e3 Nxb5 15. Nxb5
cxb5 16. Bxb7 Rb8 17. Be4 Na4 18. Qb1 Qd7 19. Rc1 Nxb2 20. Qxb2 f5 21. Bc6 Qd6
22. Bxb5 Bf6 23. a4 Qxd3 24. Bxd3 Rxb2 25. Nc4 Rb4 26. Nd6 e4 27. Bf1 0-1

[Event "ch-RUS Blitz Women 2017"]
[Site "Sochi RUS"]
[Date "2017.10.02"]
[Round "8.16"]
[White "Potapova, Margarita"]
[Black "Kharmunova, Nadezhda"]
[Result "1-0"]
[WhiteTitle "WFM"]
[BlackTitle "WIM"]
[WhiteElo "2163"]
[BlackElo "2199"]
[WhiteFideId "14126869"]
[BlackFideId "4195876"]
[EventDate "2017.10.02"]
[EventType "blitz"]

1. e4 c5 2. Nf3 Nc6 3. Bb5 d6 4. d4 cxd4 5. Qxd4 Bd7 6. Bxc6 bxc6 7. c4 Nf6 8.
O-O Qb6 9. Qd3 g6 10. b3 Bg7 11. Bb2 O-O 12. Nc3 Rad8 13. Na4 Qc7 14. Rad1 Bc8
15. Rfe1 e5 16. Ba3 Rfe8 17. Bxd6 Qa5 18. Qc3 Qa6 19. Bxe5 Rxd1 20. Rxd1 Nxe4
21. Qd4 Bxe5 22. Nxe5 Nf6 23. Nxg6 hxg6 24. Qxf6 Qa5 25. h3 Be6 26. Qf3 Bxc4 27.
Qxc6 Bb5 28. Qc5 Qa6 29. Rd6 Qb7 30. Qd5 Qc7 31. Rxg6+ Kf8 32. Qd6+ Qxd6 33.
Rxd6 Re1+ 34. Kh2 Re2 35. Nc3 Re5 36. Nxb5 Rxb5 37. Ra6 Rb7 38. g4 Kg7 39. Kg3
f6 40. f4 Rc7 41. Kh4 Rd7 42. g5 f5 43. Rf6 Rd4 44. Rxf5 Rd2 45. Ra5 Rd4 46.
Rxa7+ Kg6 47. Ra6+ Kg7 48. Rf6 1-0

[Event "ch-RUS Blitz Women 2017"]
[Site "Sochi RUS"]
[Date "2017.10.02"]
[Round "9.1"]
[White "Bodnaruk, Anastasia"]
[Black "Goryachkina, Aleksandra"]
[Result "1-0"]
[WhiteTitle "IM"]
[BlackTitle "WGM"]
[WhiteElo "2432"]
[BlackElo "2478"]
[WhiteFideId "4181751"]
[BlackFideId "4147103"]
[EventDate "2017.10.02"]
[EventType "blitz"]

1. e4 Nf6 2. e5 Nd5 3. d4 d6 4. Nf3 dxe5 5. Nxe5 c6 6. c4 Nb4 7. Be3 Bf5 8. Na3
Nd7 9. Nd3 e6 10. Nxb4 Bxb4+ 11. Bd2 Bxa3 12. bxa3 O-O 13. Be2 c5 14. Bc3 cxd4
15. Qxd4 Nf6 16. Qe3 b6 17. O-O Rc8 18. Rad1 Qe7 19. Bb4 Qc7 20. Bxf8 Rxf8 21.
Rd2 h6 22. Rfd1 Rc8 23. f3 Qc5 24. Qxc5 Rxc5 25. Rd8+ Kh7 26. Rf8 Bg6 27. Rdd8
Bc2 28. Rxf7 Kg6 29. Rxa7 Re5 30. Kf2 h5 31. Rb8 Rf5 32. Rbb7 Ng4+ 33. Ke1 Ne3
34. Kd2 Re5 35. Rxg7+ Kh6 36. f4 Re4 37. Rg5 Nf5 38. Rxh5+ Kg6 39. Rg5+ Kf6 40.
g3 Bb1 41. Bh5 Rd4+ 42. Kc3 e5 43. Rf7+ Ke6 44. Rf8 Be4 45. Bg4 Rd3+ 46. Kb4
exf4 47. Bxf5+ Bxf5 48. Rgxf5 fxg3 49. hxg3 Rxg3 50. R8f6+ Ke7 51. Rxb6 1-0

[Event "ch-RUS Blitz Women 2017"]
[Site "Sochi RUS"]
[Date "2017.10.02"]
[Round "9.2"]
[White "Kabanova, Ekaterina"]
[Black "Drozdova, Dina"]
[Result "0-1"]
[WhiteTitle "WFM"]
[BlackTitle "WIM"]
[WhiteElo "2205"]
[BlackElo "2209"]
[WhiteFideId "24112917"]
[BlackFideId "4170695"]
[EventDate "2017.10.02"]
[EventType "blitz"]

1. c4 g6 2. Nf3 Bg7 3. e3 d6 4. Be2 c5 5. Qc2 Nf6 6. O-O Nc6 7. a3 a6 8. d3 Bd7
9. Nbd2 O-O 10. Rb1 b5 11. b3 Rb8 12. Bb2 Qc7 13. Rfe1 Rb7 14. h3 Rfb8 15. Ba1
Nd8 16. cxb5 axb5 17. Rec1 Qa5 18. Bb2 Nc6 19. d4 cxd4 20. b4 Qa6 21. Nxd4 Nxd4
22. exd4 Rc8 23. Qd1 Rbc7 24. Rxc7 Rxc7 25. Rc1 Qc8 26. Rxc7 Qxc7 27. Bf3 Be6
28. a4 bxa4 29. Qxa4 Nd7 30. Qa8+ Bf8 31. d5 Bf5 32. Bd4 Qc2 33. Nf1 Qb1 34. Qa1
Qxb4 35. g4 Bd3 36. Ne3 Nc5 37. Kg2 Nb3 38. Qc3 Qxd4 39. Qxb3 Kg7 40. Qb8 Qc3
41. Qd8 Bb5 42. Qb8 Ba4 43. Qb1 Kg8 44. Qe4 Bd7 45. Qf4 Bg7 46. Qe4 Be5 47. Qb1
Kg7 48. h4 Qd2 49. Qd1 Qxd1 50. Bxd1 h6 51. Bf3 Bd4 52. Nc2 Bc5 53. Kg3 Kf6 54.
Ne3 Bxe3 55. fxe3 g5 56. hxg5+ hxg5 57. Kf2 Ke5 58. Ke2 Bb5+ 59. Kd2 Bc4 60. Kc3
Bxd5 61. Be2 Be4 62. Kc4 Bd5+ 63. Kd3 Be6 64. Kc3 f5 65. gxf5 Bxf5 66. Kd2 g4
67. Ke1 Ke4 68. Kf2 g3+ 69. Kxg3 Kxe3 70. Bd1 e5 71. Kg2 d5 72. Kf1 Kd2 73. Bf3
d4 74. Be2 Bd3 75. Bxd3 Kxd3 0-1

[Event "ch-RUS Blitz Women 2017"]
[Site "Sochi RUS"]
[Date "2017.10.02"]
[Round "9.3"]
[White "Garifullina, Leya"]
[Black "Nechaeva, Marina"]
[Result "1-0"]
[WhiteTitle "WCM"]
[BlackTitle "IM"]
[WhiteElo "1936"]
[BlackElo "2431"]
[WhiteFideId "34127035"]
[BlackFideId "4149351"]
[EventDate "2017.10.02"]
[EventType "blitz"]

1. e4 c6 2. d4 d5 3. e5 Bf5 4. h4 Qc7 5. g4 Bd7 6. h5 e6 7. f4 c5 8. c3 Nc6 9.
Nf3 f6 10. a3 O-O-O 11. Kf2 Nh6 12. Kg3 Kb8 13. b4 cxd4 14. cxd4 Be7 15. Bd3 Ka8
16. Bb2 Nf7 17. Qd2 h6 18. Bc3 b6 19. b5 Na5 20. Bxa5 bxa5 21. Rc1 Qb6 22. Bg6
Rhf8 23. a4 fxe5 24. dxe5 Rc8 25. Rxc8+ Bxc8 26. Nc3 Bb4 27. Qd3 Nd8 28. Ne2 Nb7
29. Nfd4 Nc5 30. Qc2 Bb7 31. Rd1 Rc8 32. Qa2 Rf8 33. Qc2 Rc8 34. Qa2 a6 35. bxa6
Bxa6 36. Nb5 Bxb5 37. axb5 Qxb5 38. Nd4 Qb6 39. Rb1 Kb7 40. Qe2 Na4 41. Nb5 Nc3
42. Nxc3 Rxc3+ 43. Kg2 Qd4 44. Rf1 Qc5 45. Rf2 Rb3 46. f5 exf5 47. gxf5 Qd4 48.
e6 Bd6 49. e7 Rg3+ 50. Kh1 Qh4+ 51. Rh2 Qb4 52. Rf2 Qb1+ 53. Rf1 Qb4 1-0

[Event "ch-RUS Blitz Women 2017"]
[Site "Sochi RUS"]
[Date "2017.10.02"]
[Round "9.4"]
[White "Bezgodova, Svetlana"]
[Black "Vasilevich, Tatjana"]
[Result "1-0"]
[WhiteTitle "WIM"]
[BlackTitle "IM"]
[WhiteElo "2060"]
[BlackElo "2360"]
[WhiteFideId "4110650"]
[BlackFideId "14101610"]
[EventDate "2017.10.02"]
[EventType "blitz"]

1. Nf3 d5 2. g3 b5 3. Bg2 Bb7 4. O-O Nf6 5. d3 e6 6. Nbd2 Be7 7. e4 dxe4 8. Ng5
O-O 9. Ngxe4 Nxe4 10. Nxe4 Qc8 11. a4 a6 12. axb5 axb5 13. Rxa8 Bxa8 14. Qh5 Nd7
15. Qxb5 Nb6 16. Bg5 f6 17. Bd2 Bb7 18. c4 Qa8 19. f3 Rb8 20. Qb3 Nd7 21. Qc2
Nc5 22. Bf4 e5 23. Be3 Ne6 24. Bh3 Nd4 25. Bxd4 exd4 26. Re1 Bb4 27. Re2 Qa1+
28. Kg2 Ra8 29. Nf2 Bc6 30. c5 Bd5 31. Be6+ Bxe6 32. Rxe6 Qa2 33. Re7 Rc8 34.
Qc4+ Qxc4 35. dxc4 Bxc5 36. Rd7 Bd6 37. Nd3 Rb8 38. c5 Bf8 39. b4 c6 40. Rxd4
Kf7 41. h4 Ra8 42. Kh3 Ra3 43. h5 Be7 44. Kg4 g6 45. hxg6+ hxg6 46. f4 Rc3 47.
f5 g5 48. Nf2 Rb3 49. Ne4 Rb1 50. Nd2 Rb2 51. Nf3 Rb3 52. Ne1 Rb1 53. Nc2 Rb3
54. Re4 Rb2 55. Ne3 Rb3 56. Kf3 Bd8 57. g4 Bc7 58. Ke2 Be5 59. Nc4 Bf4 60. Na5
Rg3 61. Nxc6 Rxg4 62. b5 Rg2+ 63. Kd3 Rd2+ 64. Kc3 Rd5 65. Rc4 Rxf5 66. b6 g4
67. Nd4 Be5 68. Kd3 Rf4 69. Ne2 Rf3+ 70. Kd2 f5 71. c6 Rb3 72. c7 Bxc7 73. bxc7
g3 74. Nxg3 Rxg3 75. c8=Q Kg6 76. Qg8+ 1-0

[Event "ch-RUS Blitz Women 2017"]
[Site "Sochi RUS"]
[Date "2017.10.02"]
[Round "9.5"]
[White "Voit, Daria"]
[Black "Pogonina, Natalija"]
[Result "1-0"]
[WhiteTitle "FM"]
[BlackTitle "WGM"]
[WhiteElo "2387"]
[BlackElo "2466"]
[WhiteFideId "4182146"]
[BlackFideId "4147855"]
[EventDate "2017.10.02"]
[EventType "blitz"]

1. d4 Nf6 2. c4 e6 3. g3 d5 4. Nf3 Bb4+ 5. Bd2 Be7 6. Bg2 O-O 7. O-O Nbd7 8. Qc2
c6 9. a4 a5 10. Rc1 b6 11. cxd5 cxd5 12. Bf4 Ba6 13. e3 Rc8 14. Nc3 Ne4 15. Qb3
Bc4 16. Qd1 Nxc3 17. Rxc3 Bb4 18. Rcc1 Qe7 19. Bf1 h6 20. Bxc4 dxc4 21. e4 Nf6
22. Qe2 Qb7 23. Rxc4 Rxc4 24. Qxc4 Qxe4 25. Ne5 Nd5 26. Qd3 Qxd3 27. Nxd3 Nxf4
28. Nxf4 Rc8 29. Nd3 Rc2 30. Rd1 Bd6 31. b3 Rc3 32. Nc1 Ba3 33. Ne2 Rxb3 34. d5
exd5 35. Rxd5 Bc5 36. Nf4 Rb2 37. Nd3 Rd2 38. Kf1 Bxf2 39. Rd8+ Kh7 40. Rd7 Be3
41. Ne5 Rxd7 42. Nxd7 f5 43. Ke2 Bg1 44. h3 g5 45. Kd3 Kg6 46. Ne5+ Kf6 47. Nc4
Ke6 48. g4 fxg4 49. hxg4 Kf6 50. Ke4 Kg6 51. Ne5+ Kf6 52. Nd7+ Ke6 53. Nf8+ Kd6
54. Ng6 Kc5 55. Ne5 Kb4 56. Nf7 Kxa4 57. Nxh6 b5 58. Nf7 b4 59. Nxg5 b3 60. Nf3
b2 61. Nd2 Bc5 62. g5 Bf8 63. Kd3 Ka3 64. Ke4 1-0

[Event "ch-RUS Blitz Women 2017"]
[Site "Sochi RUS"]
[Date "2017.10.02"]
[Round "9.6"]
[White "Bivol, Alina"]
[Black "Ubiennykh, Ekaterina"]
[Result "1/2-1/2"]
[WhiteTitle "WGM"]
[BlackTitle "WIM"]
[WhiteElo "2356"]
[BlackElo "2308"]
[WhiteFideId "4100123"]
[BlackFideId "4137582"]
[EventDate "2017.10.02"]
[EventType "blitz"]

1. Nf3 d5 2. g3 c6 3. Bg2 Bf5 4. d3 Nd7 5. O-O h6 6. c4 e6 7. cxd5 exd5 8. Qb3
Qb6 9. Qc2 Ngf6 10. Nc3 Be7 11. e4 dxe4 12. dxe4 Bh7 13. Be3 Qb4 14. Nd4 O-O 15.
a3 Qa5 16. h3 Ne5 17. Rad1 Rad8 18. Nf5 Bxf5 19. exf5 Nc4 20. Bc1 Bd6 21. Rfe1
Qc7 22. Ne2 Ne5 23. Be3 c5 24. Nf4 b6 25. Nd5 Nxd5 26. Bxd5 Nc6 27. Qe2 Rfe8 28.
Qg4 Ne5 29. Qe2 Qe7 30. Kh2 Qf6 31. Qc2 Bc7 32. Bg2 Nc6 33. Qa4 Na5 34. Bg5 hxg5
35. Rxe8+ Kh7 36. Rexd8 Bxd8 37. Qg4 Bc7 38. b4 Nb3 39. Bd5 Nd4 40. bxc5 bxc5
41. Rc1 Bd6 42. Rb1 Nxf5 43. Be4 g6 44. Rb7 Kg7 45. Bxf5 gxf5 46. Qc4 f4 47. Qc2
fxg3+ 48. fxg3 Qf3 49. Qg2 Bxg3+ 50. Qxg3 Qxb7 51. Qxg5+ Kh7 52. Qh5+ Kg7 53.
Qg5+ Kh7 54. Qxc5 Qb2+ 55. Kg3 Qb3+ 56. Kg4 Qd1+ 57. Kg3 Qd3+ 1/2-1/2

[Event "ch-RUS Blitz Women 2017"]
[Site "Sochi RUS"]
[Date "2017.10.02"]
[Round "9.7"]
[White "Ambartsumova, Karina"]
[Black "Tomilova, Elena"]
[Result "1-0"]
[WhiteTitle "WGM"]
[BlackTitle "WIM"]
[WhiteElo "2359"]
[BlackElo "2307"]
[WhiteFideId "4166299"]
[BlackFideId "4162340"]
[EventDate "2017.10.02"]
[EventType "blitz"]

1. d4 d5 2. Nf3 Nf6 3. e3 Bg4 4. Be2 c6 5. O-O e6 6. Nbd2 Nbd7 7. b3 Bd6 8. Bb2
O-O 9. Ne5 Bxe2 10. Qxe2 a5 11. a4 Qe7 12. Rad1 Bb4 13. Ndf3 Ne4 14. c4 f6 15.
Nxd7 Qxd7 16. Qc2 Qf7 17. Ne1 Qh5 18. Nd3 Bd6 19. f4 f5 20. Rf3 Rf6 21. Rh3 Qf7
22. Nf2 Rg6 23. Rf1 h6 24. Qe2 Bb4 25. Nxe4 fxe4 26. Rh5 Rxg2+ 27. Kxg2 1-0

[Event "ch-RUS Blitz Women 2017"]
[Site "Sochi RUS"]
[Date "2017.10.02"]
[Round "9.8"]
[White "Bykova, Anastasia"]
[Black "Girya, Olga"]
[Result "1/2-1/2"]
[WhiteTitle "WFM"]
[BlackTitle "WGM"]
[WhiteElo "2234"]
[BlackElo "2505"]
[WhiteFideId "4164970"]
[BlackFideId "4195752"]
[EventDate "2017.10.02"]
[EventType "blitz"]

1. d4 d5 2. Nf3 Nf6 3. Bf4 Bf5 4. c3 c6 5. e3 e6 6. Be2 h6 7. h3 Nbd7 8. O-O Be7
9. Nbd2 O-O 10. Qb3 Qb6 11. c4 dxc4 12. Bxc4 Nd5 13. Bh2 Bh7 14. a3 N7f6 15.
Rfe1 Rfd8 16. e4 Qxb3 17. Bxb3 Nb6 18. Rad1 Rd7 19. Bc2 Rad8 20. Nf1 Nc4 21. Rb1
Bd6 22. Bxd6 Nxd6 23. Ne5 Rc7 24. f3 Nb5 25. Rbd1 Nxd4 26. Bb1 Rcc8 27. Kf2 Ne8
28. Ne3 f6 29. N5c4 e5 30. Rd2 Bg6 31. Red1 Nc7 32. Na5 Rb8 33. Ba2+ Bf7 34.
Bxf7+ Kxf7 35. Nf5 Nce6 36. Nxd4 Rxd4 37. Rxd4 Nxd4 38. f4 b6 39. Nc4 Ke6 40.
fxe5 fxe5 41. Ke3 Rd8 42. Rd2 Rd7 43. g4 b5 44. Na5 Rf7 45. Rh2 Rf3+ 46. Kd2 Rf4
47. Kd3 Rf3+ 48. Kd2 Kd6 49. Nb7+ Kc7 50. Nc5 Kb6 51. Nd7+ Kc7 52. Nxe5 Rb3 53.
Kc1 Kd6 54. Ng6 Re3 55. e5+ Kd5 56. Rd2 Kc4 57. Kd1 Rxh3 58. Ke1 Rh1+ 59. Kf2
Rh2+ 60. Ke3 Rxd2 61. Kxd2 Kd5 62. Ke3 Ne6 63. Ne7+ Kxe5 64. Nxc6+ Kd5 65. Nxa7
Kc4 66. b3+ Kc5 67. a4 bxa4 68. bxa4 Kb4 69. Nb5 Kxa4 70. Nd6 Kb4 71. Ke4 Kc5
72. Ne8 Kc6 73. Kf5 Kd7 74. Nxg7 Nxg7+ 75. Kg6 Ne6 76. Kxh6 Ke7 1/2-1/2

[Event "ch-RUS Blitz Women 2017"]
[Site "Sochi RUS"]
[Date "2017.10.02"]
[Round "9.9"]
[White "Sukhareva, Evgeniya"]
[Black "Styazhkina, Anna"]
[Result "1-0"]
[BlackTitle "WIM"]
[WhiteElo "2207"]
[BlackElo "2301"]
[WhiteFideId "4167155"]
[BlackFideId "24119300"]
[EventDate "2017.10.02"]
[EventType "blitz"]

1. d4 d5 2. Nf3 Nf6 3. c4 c6 4. Qc2 g6 5. e3 Bf5 6. Bd3 Bxd3 7. Qxd3 Bg7 8. O-O
e6 9. b3 O-O 10. Nc3 Nbd7 11. Bb2 Re8 12. Rfe1 dxc4 13. bxc4 e5 14. Qc2 exd4 15.
exd4 Nb6 16. Ne2 Ne4 17. Nf4 f5 18. Nd3 Qc7 19. Nfe5 Rad8 20. a4 c5 21. f3 cxd4
22. fxe4 Bxe5 23. exf5 Bxh2+ 24. Kh1 Bg3 25. Re2 gxf5 26. Kg1 Bh2+ 27. Kh1 Bg3
28. Kg1 Qf7 29. Ne1 d3 30. Nxd3 Qh5 31. Rxe8+ Rxe8 32. Nf2 Qh2+ 33. Kf1 Bf4 34.
c5 Nd5 35. Qc4 Rd8 36. Rd1 Qh5 37. Rxd5 Qe8 38. Rxd8+ 1-0